| 000 | 00683nam a22001937a 4500 | ||
|---|---|---|---|
| 003 | BUBTL | ||
| 008 | 190421b xxu||||| |||| 00| 0 eng d | ||
| 020 | _a984-18-0249-x | ||
| 082 | _a891.444 / ALS | ||
| 100 |
_92280 _aআলী, সৈয়দ মুজতবা |
||
| 245 |
_aসেরা রম্য রচনা / _cসৈয়দ মুজতবা আলী |
||
| 250 | _a4th ed. | ||
| 260 |
_aঢাকা : _bবিশ্ব সাহিত্য কেন্দ্র, _cc2012 |
||
| 300 |
_a204 p. : _c22 cm. |
||
| 650 | 0 |
_91689 _aবাংলা সাহিত্য |
|
| 856 |
_k0 _l0 _yDownload |
||
| 942 |
_2ddc _cBK |
||
| 999 |
_c5979 _d5979 |
||